| 000 | 01108cam a22003373a 4500 | ||
|---|---|---|---|
| 001 | 6057 | ||
| 003 | FISKH | ||
| 005 | 20250303153118.0 | ||
| 008 | 040510s2004 nyua j 000 0beng d | ||
| 010 | _a 2004299471 | ||
| 020 | _a0439554438 (pbk.) | ||
| 020 | _a9780439554435 | ||
| 040 |
_aWDG _cWDG _dXWS _dDLC _beng |
||
| 050 | _aPZ7. | ||
| 082 | _a920 | ||
| 100 | 1 |
_aRoop, Peter _d(1951-) |
|
| 245 | 1 | 0 |
_aLet's dream, Martin Luther King, Jr.! / _cby Peter and Connie Roop. |
| 250 | _aThis edition first published in 2004 | ||
| 260 |
_aNew York : _bScholastic, _c2004. |
||
| 300 |
_a59 pages : _billustrations ; _c20 cm. |
||
| 505 | _aR | ||
| 520 | _aIn this book, you will find out all about Martin Luther King, Jr., before he became famous. | ||
| 521 | 8 |
_a750
_bLexile |
|
| 521 | 8 |
_aR
_bRaz-Plus |
|
| 650 | 0 |
_aAfrican Americans _vBiography _vJuvenile literature. |
|
| 650 | 0 |
_aCivil rights workers _zUnited States _vBiography _vJuvenile literature. |
|
| 700 | 1 |
_aRoop, Connie _dIllustrator |
|
| 906 |
_a7 _bcbc _ccopycat _d2 _encip _f20 _gy-gencatlg |
||
| 942 |
_2ddc _cBK _n0 |
||
| 999 |
_c6057 _d6057 |
||